History Quiz

Random History or Clickable Quiz
Score 0/34 Timer 08:00
14 Plays Today
% Correct
Nelson Mandela
93.4%
Dante Alighieri
89.9%
Walt Disney
89.7%
Vincent Van Gogh
89.6%
Tutankhamun
87.8%
Yuri Gagarin
85.1%
Sigmund Freud
82.8%
Miguel de Cervantes
82.3%
Alexander Fleming
81.1%
Leo Tolstoy
79.6%
Cleopatra
77.2%
Joan of Arc
73.3%
Edvard Munch
72.9%
Hannibal
71%
Mikhail Gorbachev
70.8%
Maximilien de Robespierre
70.5%
Nikola Tesla
67.9%
% Correct
George Eastman
67.6%
Shaka
65.5%
Neville Chamberlain
64.1%
Voltaire
63.5%
James Watt
63.4%
Martin Luther
63.3%
Lech Wałęsa
60.1%
Grigori Rasputin
59.4%
Gregor Mendel
59.2%
Henry V
57.1%
Chiang Kai-shek
56.9%
Thomas More
55.5%
Hong Xiuquan
49.8%
Henry Kissinger
49.2%
Cecil Rhodes
48.3%
Mahavira
41%
Amedeo Avogadro
38.2%
Remove Ads.
Support Sporcle.
Get the best of Sporcle when you Go Orange. This ad-free experience offers more features, more stats, and more fun while also helping to support Sporcle. Thank you for becoming a member.

You're not logged in!

Compare scores with friends on all Sporcle quizzes.
OR
Log In

Show Comments

Extras

Top Quizzes Today


Score Distribution

Your Account Isn't Verified!

In order to create a playlist on Sporcle, you need to verify the email address you used during registration. Go to your Sporcle Settings to finish the process.

Report this User

Report this user for behavior that violates our Community Guidelines.

Details: